[Event "GER-chT Christmas U16 Steinitz"]
[Site "Playchess.com INT"]
[Date "2020.12.28"]
[Round "7.2"]
[White "Bangsa, Pandu"]
[Black "Kirchner, Bao Long Marc"]
[Result "1-0"]
[WhiteElo "1457"]
[BlackElo "1312"]
[PlyCount "127"]
[EventDate "2020.12.28"]
[EventType "team-swiss (blitz)"]
[EventRounds "7"]
[EventCountry "GER"]
[SourceTitle "CBM 200 Extra"]
[Source "ChessBase"]
[SourceDate "2021.03.31"]
[SourceVersion "1"]
[SourceVersionDate "2021.03.31"]
[SourceQuality "1"]
[WhiteTeam "Kelheim"]
[BlackTeam "Rostock Makkabi II"]
[WhiteTeamCountry "GER"]
[BlackTeamCountry "GER"]

1. e4 c5 2. Nf3 e6 3. d4 cxd4 4. Nxd4 Nc6 5. Nc3 Qc7 6. Be3 a6 7. Bd3 d6 8. 0-0 Nf6 9. f3 d5 10. exd5 Nxd5 11. Nxd5 exd5 12. Qe2 Be7 13. Rae1 0-0 14. Nxc6 bxc6 15. Bd4 Re8 16. c3 c5 17. Be5 Qa7 18. Kh1 Bh4 19. g3 Bf6 20. f4 c4 21. Bb1 Bb7 22. Rf2 d4+ 23. Kg1 d3 24. Qe3 Qxe3 25. Rxe3 Bd5 26. b3 Bxe5 27. fxe5 Rab8 28. Rf1 f6 29. bxc4 Bxc4 30. Bxd3 Bxd3 31. Rxd3 fxe5 32. Rdf3 e4 33. Re3 Rb2 34. Rf4 Rb1+ 35. Kf2 Rb2+ 36. Re2 e3+ 37. Kf3 Rxe2 38. Kxe2 Rc8 39. Kd3 e2 40. Re4 Rd8+ 41. Kc2 Kf7 42. Rxe2 g5 43. Rd2 Rb8 44. Rd7+ Kg6 45. Ra7 Rb6 46. c4 Rc6 47. Kb3 Kf5 48. Rxh7 Ke4 49. Rf7 Kd4 50. Rd7+ Kc5 51. Rg7 Rb6+ 52. Kc3 Rb4 53. Rxg5+ Kb6 54. Rg6+ Ka5 55. Rg5+ Ka4 56. h4 Ka3 57. Ra5+ Ra4 58. Rxa4+ Kxa4 59. h5 Ka3 60. h6 Kxa2 61. h7 Ka1 62. h8Q a5 63. Kb3+ Kb1 64. Qh1# 1-0

[Event "DSOL 08 Liga Gr-C 1st"]
[Site "Playchess.com INT"]
[Date "2020.08.12"]
[Round "2.3"]
[White "Bangsa, Pandu"]
[Black "Seidenstuecker, Hannah Charlotte"]
[Result "0-1"]
[WhiteElo "1220"]
[BlackElo "896"]
[PlyCount "70"]
[EventDate "2020.06.22"]
[EventType "team-tourn (rapid)"]
[EventCountry "GER"]
[SourceTitle "EXT 2021"]
[Source "ChessBase"]
[SourceDate "2020.10.23"]
[SourceVersion "1"]
[SourceVersionDate "2020.10.23"]
[SourceQuality "1"]
[WhiteTeam "Kelheim IV"]
[BlackTeam "Rinteln III"]
[WhiteTeamCountry "GER"]
[BlackTeamCountry "GER"]

1. e4 c5 2. Nf3 g6 3. d3 Bg7 4. Be3 Bxb2 5. Nbd2 d6 6. Rb1 Bg7 7. Be2 Nf6 8. 0-0 0-0 9. c3 Nc6 10. d4 cxd4 11. cxd4 b6 12. Bb5 Bd7 13. Rc1 Rc8 14. d5 Ne5 15. Rxc8 Qxc8 16. Bxd7 Qxd7 17. Nxe5 dxe5 18. f3 Rc8 19. Qe2 e6 20. dxe6 Qxe6 21. Nb3 Nd7 22. Qa6 Rc7 23. Rd1 Bf8 24. h3 Nc5 25. Bxc5 Bxc5+ 26. Kh1 Qe7 27. Nxc5 Qxc5 28. Rd8+ Kg7 29. Kh2 Qc1 30. h4 Qc4 31. Qa3 Qc5 32. Qb3 Qe7 33. Re8 Qxh4+ 34. Kg1 Rc1+ 35. Qd1 Rxd1# 0-1